Facultad de Derecho – Universidad Nacional de Mar del Plata

Escicion de Empresas (Record no. 3606)

MARC details
000 -CABECERA
campo de control de longitud fija 00449nam a22001817a 4500
020 ## - NUMERO INTERNACIONAL NORMALIZADO PARA LIBROS (ISBN)
International Standard Book Number 9508942800
080 ## - NUMERO DE CLASIFICACION DECIMAL UNIVERSAL (CDU)
Número de la Clasificación Decimal Universal 347.72.04 Sk 31
100 ## - ASIENTO PRINCIPAL--NOMBRE PERSONAL
Nombre personal Skiarski, Enrique M
245 ## - MENCION DE TITULO
Título propiamente dicho Escicion de Empresas
Parte restante del título marco juridico, contable y fiscal
260 ## - PUBLICACION, DISTRIBUCION, ETC. (PIE DE IMPRENTA)
Lugar de publicación, distribución, etc. Buenos Aires
Nombre del editor, distribuidor, etc. Ad= Hoc
Fecha de publicación, distribución, etc. 2001
300 ## - DESCRIPCION FISICA
Extensión 174 P:
650 ## - ASIENTO SECUNDARIO DE MATERIA - TERMINO TEMATICO
Subdivisión general empresas
650 ## - ASIENTO SECUNDARIO DE MATERIA - TERMINO TEMATICO
Subdivisión general escision
650 ## - ASIENTO SECUNDARIO DE MATERIA - TERMINO TEMATICO
Subdivisión general balances
650 ## - ASIENTO SECUNDARIO DE MATERIA - TERMINO TEMATICO
Subdivisión general proceso de escision
945 ## - INFORMACION DE PROCESAMIENTO LOCAL
Responsable de carga/modificación Celeste Delía
AAAA-MM-DD - Fecha de ingreso/modificación 2015-03-05
942 ## - ELEMENTOS AGREGADOS (KOHA)
Clasificación normalizada de Koha para alfabetizar _
Holdings
Retirado Perdido Dañado No se presta Ubicación permanente Locación actual Estante o sala Fecha de adquisición Total préstamos Signatura topográfica Inventario Ultima fecha vista Fecha del precio Tipo de item de Koha
        Bib. Derecho Bib. Derecho Biblioteca Graduados 05/03/2015   347.72.04 Sk 31 301132 05/03/2015 05/03/2015 LIBRO (Consulta)

XHTML | CSS | ©Biblioteca Central - Dto. Tecnología de la Información - [ Con tecnología Koha ]